[Event "Werfen op-B"]
[Site "Werfen"]
[Date "1995.??.??"]
[Round "2"]
[White "Dalfen, Joachim"]
[Black "Schaub, Ewald"]
[Result "1-0"]
[WhiteElo "1830"]
[BlackElo "1665"]
[PlyCount "91"]
[EventDate "1995.08.??"]
[EventType "swiss"]
[EventRounds "16"]
[EventCountry "AUT"]
[SourceTitle "EXT 2000"]
[Source "ChessBase"]
[SourceDate "1999.11.16"]
[SourceVersion "1"]
[SourceVersionDate "1999.11.16"]
[SourceQuality "1"]

1. d4 d5 2. Nf3 c5 3. e3 a6 4. c4 dxc4 5. Bxc4 e6 6. 0-0 Nf6 7. b3 cxd4 8. Nxd4 b5 9. Be2 Bb7 10. Bb2 Be7 11. Bf3 Bxf3 12. Qxf3 Qd5 13. Rd1 Qxf3 14. gxf3 0-0 15. Nc3 Rc8 16. Rd3 Nbd7 17. Rad1 Nb6 18. e4 Nh5 19. Nce2 Bf6 20. f4 e5 21. fxe5 Bxe5 22. Bc1 Nf6 23. f4 Bb8 24. Nf5 Re8 25. Neg3 Ba7 26. e5 Nfd5 27. Kh1 Nb4 28. R3d2 g6 29. Nd6 Red8 30. Nge4 Nc8 31. a3 Nc6 32. Bb2 Be3 33. Nf6+ Kg7 34. Nde8+ Rxe8 35. Nxe8+ Kf8 36. Rc2 Kxe8 37. Rxc6 Bxf4 38. Rc7 Bg5 39. Rdd7 Be7 40. Bd4 h5 41. Be3 f6 42. exf6 Bxf6 43. Rh7 Ne7 44. Bg5 Rd8 45. Bxf6 Rd1+ 46. Kg2 1-0